[Event "Karlsruher SF 1853-SK Doppelbauer Kiel"]
[Site "Magdeburg DVM U14"]
[Date "2012.12.28"]
[Round "4.3"]
[White "Wiemann, Niklas"]
[Black "Joeres, Roman"]
[Result "1-0"]
[WhiteElo "1452"]
[BlackElo "1301"]
[PlyCount "71"]
[EventDate "2012.??.??"]
[WhiteTeam "SK Doppelbauer Kiel"]
[BlackTeam "Karlsruher SF 1853"]

1. d4 d5 2. g3 Nf6 3. Bg2 Nc6 4. b3 Bf5 5. e3 Nb4 6. Na3 e6 7. Ne2 c5 8. O-O
Rc8 9. h3 h6 10. c3 Nc6 11. g4 Bg6 12. f4 Be7 13. Bb2 O-O 14. c4 dxc4 15. Nxc4
cxd4 16. Nxd4 Be4 17. Nxc6 Rxc6 18. Bxf6 Bxg2 19. Bxe7 Qxd1 20. Rfxd1 Re8 21.
Kxg2 Rxe7 22. h4 f6 23. g5 hxg5 24. hxg5 fxg5 25. Rd8+ Kh7 26. Rh1+ Kg6 27.
Ne5+ Kf5 28. Nxc6 bxc6 29. Rh5 g6 30. Rxg5+ Kf6 31. Rg8 Rg7 32. Rxg7 Kxg7 33.
e4 Kf6 34. e5+ Kf7 35. Rg3 a5 36. Rc3 1-0

[Event "Karlsruher SF 1853-SK Doppelbauer Kiel"]
[Site "Magdeburg DVM U14"]
[Date "2012.12.28"]
[Round "4.4"]
[White "Ospina Ocampo, Antonio"]
[Black "Karlisch, Moritz"]
[Result "1/2-1/2"]
[WhiteElo "1331"]
[BlackElo "1294"]
[PlyCount "88"]
[EventDate "2012.??.??"]
[WhiteTeam "Karlsruher SF 1853"]
[BlackTeam "SK Doppelbauer Kiel"]

1. e4 c5 2. Nf3 d6 3. d4 cxd4 4. Nxd4 Nf6 5. Nc3 a6 6. Be2 e6 7. f4 Be7 8. O-O
Nbd7 9. Nf3 O-O 10. e5 Ng4 11. exd6 Qb6+ 12. Nd4 Bf6 13. Bxg4 Bxd4+ 14. Kh1
Qxd6 15. Ne2 Bc5 16. Qxd6 Bxd6 17. f5 e5 18. Nc3 Nf6 19. Bf3 Rb8 20. Ne4 Nxe4
21. Bxe4 b5 22. b3 f6 23. Rf3 Bb7 24. Bxb7 Rxb7 25. Bb2 Rc7 26. Rc3 Rxc3 27.
Bxc3 Rc8 28. Be1 Rxc2 29. Rd1 Rc6 30. Kg1 Kf7 31. Kf2 Ke7 32. Kf3 Rc2 33. Rd2
Rc1 34. Bf2 Rc3+ 35. Ke4 Kd7 36. Kd5 g6 37. Ke4 Ke7 38. Bh4 g5 39. Bf2 Kd7 40.
Be1 Rc1 41. Bf2 Ke7 42. Bb6 Bc7 43. Bf2 Bd6 44. Kd5 Kd7 1/2-1/2

[Event "Gütersloher SV-SG Grün-Weiß Dresden"]
[Site "Magdeburg DVM U14"]
[Date "2012.12.28"]
[Round "4.1"]
[White "Renger, Niklas"]
[Black "Kandler, Pascal"]
[Result "1-0"]
[WhiteElo "1769"]
[BlackElo "1549"]
[PlyCount "41"]
[EventDate "2012.??.??"]
[WhiteTeam "SG Grün-Weiß Dresden"]
[BlackTeam "Gütersloher SV"]

1. e4 c5 2. Nf3 Nc6 3. d4 cxd4 4. Nxd4 e5 5. Nb5 d6 6. N1c3 a6 7. Na3 b5 8. Nd5
Nce7 9. Nxe7 Bxe7 10. c3 Nf6 11. Bd3 Be6 12. Bg5 O-O 13. O-O Ne8 14. Bxe7 Qxe7
15. Qe2 f5 16. exf5 Bxf5 17. Bxf5 Rxf5 18. Qe4 Qd7 19. Qxa8 Rg5 20. Qd5+ Kh8
21. f4 1-0

[Event "Gütersloher SV-SG Grün-Weiß Dresden"]
[Site "Magdeburg DVM U14"]
[Date "2012.12.28"]
[Round "4.2"]
[White "Pfaffenrot, Daniel"]
[Black "Sack, Carl-Anton"]
[Result "0-1"]
[WhiteElo "1472"]
[BlackElo "1446"]
[PlyCount "140"]
[EventDate "2012.??.??"]
[WhiteTeam "Gütersloher SV"]
[BlackTeam "SG Grün-Weiß Dresden"]

1. e4 c5 2. Nf3 d6 3. d4 cxd4 4. Nxd4 Nf6 5. Nc3 a6 6. Be3 e6 7. f3 Nbd7 8. Qd2
b5 9. h4 Bb7 10. g4 Nb6 11. O-O-O Nfd7 12. Kb1 Rc8 13. h5 Ne5 14. Bf2 Nec4 15.
Bxc4 Nxc4 16. Qd3 b4 17. Nce2 a5 18. Bh4 Qb6 19. Rdg1 Ba6 20. Qd1 a4 21. g5 b3
22. axb3 axb3 23. Nxb3 Ne3 24. Qd2 Rxc2 25. Qd4 Qxb3 26. Nc1 e5 27. Nxb3 exd4
28. Nxd4 Rc4 29. Bf2 Rxd4 30. Bxe3 Rd3 31. Re1 Be7 32. f4 f6 33. Bc1 fxg5 34.
fxg5 Kd7 35. Rh4 Rg3 36. e5 Bxg5 37. Bxg5 Rxg5 38. e6+ Ke7 39. Rf4 Rf8 40. Ra4
Bb7 41. Ra7 Rb8 42. Ka1 Re5 43. Rc1 Rc5 44. Rg1 Kxe6 45. Rxg7 Rc1+ 46. Ka2 Bd5+
47. b3 Bxb3+ 48. Kb2 Rc2+ 49. Kb1 Ba4+ 50. Ka1 Rf8 51. Rab7 Rf1+ 52. Rb1 Rxb1+
53. Kxb1 Rh2 54. Rxh7 Bc2+ 55. Kc1 Bxh7 56. Kd1 Rxh5 57. Kd2 Kd5 58. Ke2 Rh3
59. Kd2 Kd4 60. Ke2 Bd3+ 61. Kf2 Re3 62. Kg2 Ke4 63. Kf2 Kf4 64. Kg2 Rf3 65.
Kh2 Kg4 66. Kg2 Bf1+ 67. Kh2 Rg3 68. Kh1 Kf3 69. Kh2 Kf2 70. Kh1 Rh3# 0-1

[Event "Gütersloher SV-SG Grün-Weiß Dresden"]
[Site "Magdeburg DVM U14"]
[Date "2012.12.28"]
[Round "4.3"]
[White "Michel, Richard"]
[Black "Andes, Otto"]
[Result "0-1"]
[WhiteElo "1450"]
[BlackElo "1364"]
[PlyCount "100"]
[EventDate "2012.??.??"]
[WhiteTeam "SG Grün-Weiß Dresden"]
[BlackTeam "Gütersloher SV"]

1. e4 e6 2. d4 d5 3. exd5 Qxd5 4. Nc3 Qd8 5. Bf4 c5 6. Nb5 Na6 7. dxc5 Qxd1+ 8.
Rxd1 Bxc5 9. Nd6+ Bxd6 10. Bxd6 Bd7 11. Nf3 f6 12. Bc4 Rc8 13. Bb3 Nc5 14. Bxc5
Rxc5 15. O-O Ne7 16. Nd4 e5 17. Nf3 a5 18. a3 a4 19. Bf7+ Kxf7 20. Rxd7 Rb5 21.
Rb1 Ke6 22. Rd2 Rd5 23. Rbd1 Rc8 24. Rxd5 Nxd5 25. Rd2 b5 26. Kf1 b4 27. axb4
Nxb4 28. c3 Na2 29. Re2 Nc1 30. Nd4+ Kd5 31. Nf5 Nxe2 32. Ne7+ Kc4 33. Nxc8
Nxc3 34. Nb6+ Kb3 35. Nxa4 Nxa4 36. Ke2 Nxb2 37. Kf3 Kc4 38. Ke4 g6 39. f4 Nd3
40. fxe5 Nxe5 41. h4 Kc5 42. Kf4 Kd6 43. g4 Nxg4 44. Kxg4 Ke5 45. Kg3 Ke4 46.
Kg4 f5+ 47. Kg3 Ke3 48. h5 f4+ 49. Kg2 Ke2 50. hxg6 hxg6 0-1

[Event "Gütersloher SV-SG Grün-Weiß Dresden"]
[Site "Magdeburg DVM U14"]
[Date "2012.12.28"]
[Round "4.4"]
[White "Haase, Kai"]
[Black "Schuler, Max"]
[Result "0-1"]
[WhiteElo "1402"]
[BlackElo "1529"]
[PlyCount "140"]
[EventDate "2012.??.??"]
[WhiteTeam "Gütersloher SV"]
[BlackTeam "SG Grün-Weiß Dresden"]

1. e4 c5 2. Nf3 e6 3. d4 cxd4 4. Nxd4 a6 5. Nc3 Qc7 6. Bd3 Nf6 7. Qe2 d6 8. O-O
b5 9. Re1 Nbd7 10. Bd2 Bb7 11. Rad1 Be7 12. Nf3 O-O 13. e5 Bxf3 14. Qxf3 Nxe5
15. Qe2 Nxd3 16. Qxd3 Rac8 17. a3 d5 18. Rc1 Bd6 19. h3 Bf4 20. Bxf4 Qxf4 21.
Ne2 Qc4 22. Qxc4 Rxc4 23. b3 Rc7 24. Nd4 Rfc8 25. a4 bxa4 26. bxa4 Rc4 27. Nf3
Rxa4 28. Ra1 Rxa1 29. Rxa1 Rxc2 30. Rxa6 g6 31. Ra8+ Kg7 32. Ra7 Ne4 33. Ne5
Rxf2 34. g4 Rf4 35. h4 h5 36. g5 Rf5 37. Nd3 Nd6 38. Rd7 Nc4 39. Kg2 Ne3+ 40.
Kg3 Ng4 41. Ne1 Ne5 42. Ra7 Rf1 43. Ng2 Rf3+ 44. Kh2 Ng4+ 45. Kg1 Ne3 46. Ra3
Rf1+ 47. Kh2 Nxg2 48. Kxg2 Rf5 49. Rd3 f6 50. gxf6+ Kxf6 51. Ra3 Rf4 52. Kg3
Rg4+ 53. Kh3 Kf5 54. Ra6 d4 55. Rd6 e5 56. Rd5 Ke4 57. Ra5 d3 58. Ra4+ Ke3 59.
Rxg4 hxg4+ 60. Kxg4 d2 61. Kg5 d1=Q 62. Kxg6 Qd8 63. h5 Qh8 64. Kg5 Kf3 65. Kg6
e4 66. Kg5 e3 67. Kg6 e2 68. Kg5 e1=R 69. Kh4 Rg1 70. Kh3 Qxh5# 0-1

[Event "SC Bavaria Regensb. 1881-SV Empor Erfurt"]
[Site "Magdeburg DVM U14"]
[Date "2012.12.28"]
[Round "4.2"]
[White "Dechant, Georg"]
[Black "Allin, Alexander"]
[Result "1-0"]
[WhiteElo "1587"]
[BlackElo "1448"]
[PlyCount "115"]
[EventDate "2012.??.??"]
[WhiteTeam "SC Bavaria Regensb. 1881"]
[BlackTeam "SV Empor Erfurt"]

1. e4 e5 2. Nf3 Nc6 3. Bb5 a6 4. Ba4 b5 5. Bb3 Nf6 6. O-O Bc5 7. c3 Bb6 8. Re1
d6 9. h3 Na5 10. Bc2 c5 11. a4 Bb7 12. axb5 axb5 13. d3 Nc6 14. Rxa8 Qxa8 15.
Bg5 Nd7 16. Nbd2 O-O 17. Nf1 h6 18. Be3 Nf6 19. Ng3 Re8 20. Qc1 Kh7 21. Nf5 Ng8
22. Nxd6 Re7 23. Nxb5 Rd7 24. Na3 f6 25. Nh4 Nge7 26. Nc4 Ba7 27. Qd1 Ba6 28.
Qg4 Rd8 29. Nf5 Nxf5 30. Qxf5+ Kg8 31. Qe6+ Kh7 32. Nd6 Bb8 33. Bxc5 Bxd6 34.
Bxd6 Bc8 35. Qd5 Qa6 36. Qc5 Qb7 37. Ba4 Qd7 38. Qxc6 Qxd6 39. Qxd6 Rxd6 40.
Rd1 Ba6 41. c4 Kg8 42. Kf1 Kf7 43. Ke2 Bb7 44. Ke3 Bc6 45. Bxc6 Rxc6 46. b4 Ke6
47. f4 Rc7 48. f5+ Ke7 49. b5 Kd6 50. Ra1 Kc5 51. Ra4 Rd7 52. g4 Rb7 53. Kd2
Kd4 54. Ra6 Rd7 55. Rc6 Ra7 56. Rd6+ Kc5 57. Ra6 Rd7 58. Kc3 1-0

[Event "SC Bavaria Regensb. 1881-SV Empor Erfurt"]
[Site "Magdeburg DVM U14"]
[Date "2012.12.28"]
[Round "4.3"]
[White "Sommer, Jan"]
[Black "Oberhofer, Marie"]
[Result "1-0"]
[WhiteElo "1478"]
[BlackElo "1426"]
[PlyCount "67"]
[EventDate "2012.??.??"]
[WhiteTeam "SV Empor Erfurt"]
[BlackTeam "SC Bavaria Regensb. 1881"]

1. e4 c5 2. Nf3 d6 3. d4 cxd4 4. Nxd4 Nf6 5. Nc3 g6 6. Be2 Bg7 7. Be3 O-O 8.
Qd2 Nc6 9. O-O-O Bd7 10. Rdg1 Rc8 11. g4 Ne5 12. g5 Nfg4 13. h4 Nc4 14. Bxc4
Nxe3 15. Bxf7+ Rxf7 16. Qxe3 Rc4 17. Rd1 Qf8 18. Nce2 Kh8 19. f4 Bg4 20. c3 a6
21. Rdg1 Bh5 22. Ne6 Qc8 23. Nxg7 Kxg7 24. Ng3 Bg4 25. h5 e6 26. hxg6 hxg6 27.
e5 d5 28. Rh6 Rcxf4 29. Rgh1 Bh5 30. Qd3 Rf3 31. Nxh5+ Kg8 32. Nf6+ Kf8 33.
Qxf3 Ke7 34. Rh7 1-0

[Event "VSF 1975 Düsseldorf-SG Königskinder Hohe"]
[Site "Magdeburg DVM U14"]
[Date "2012.12.28"]
[Round "4.1"]
[White "Maurer, Noah"]
[Black "Berezhnoy, Alex"]
[Result "0-1"]
[WhiteElo "1580"]
[BlackElo "1598"]
[PlyCount "94"]
[EventDate "2012.??.??"]
[WhiteTeam "SG Königskinder Hohentübingen"]
[BlackTeam "VSF 1975 Düsseldorf"]

1. e4 e5 2. Nf3 Nf6 3. Nxe5 d6 4. Nf3 Nxe4 5. d3 Nf6 6. Nc3 d5 7. d4 Bb4 8. Bd3
O-O 9. O-O Bg4 10. h3 Bh5 11. Bg5 Bxc3 12. bxc3 Nbd7 13. Rb1 Rb8 14. Re1 Re8
15. Be2 Re6 16. Nd2 Rxe2 17. Rxe2 Bxe2 18. Qxe2 Qf8 19. Qd3 Qd6 20. c4 b6 21.
cxd5 Qxd5 22. Bxf6 Nxf6 23. c4 Qe6 24. Nf3 Re8 25. Re1 Qd7 26. Rxe8+ Qxe8 27.
Qe3 Qxe3 28. fxe3 Ne4 29. Ne1 Nc3 30. a3 Nb1 31. Nc2 Nd2 32. c5 bxc5 33. dxc5
Nb3 34. c6 Kf8 35. Kf2 Ke7 36. Nd4 Nxd4 37. exd4 Kd6 38. Ke3 Kxc6 39. Kd3 Kd5
40. g3 f5 41. a4 a5 42. h4 g6 43. Kc3 h6 44. Kd3 g5 45. h5 f4 46. gxf4 gxf4 47.
Ke2 Kxd4 0-1

[Event "VSF 1975 Düsseldorf-SG Königskinder Hohe"]
[Site "Magdeburg DVM U14"]
[Date "2012.12.28"]
[Round "4.2"]
[White "Surguchov, Alexander"]
[Black "Shankar, Ajay"]
[Result "1-0"]
[WhiteElo "1553"]
[BlackElo "1556"]
[PlyCount "99"]
[EventDate "2012.??.??"]
[WhiteTeam "VSF 1975 Düsseldorf"]
[BlackTeam "SG Königskinder Hohentübingen"]

1. e4 c5 2. Nf3 Nc6 3. c3 g6 4. d4 cxd4 5. cxd4 Bg7 6. Nc3 d6 7. h3 Nf6 8. Be3
O-O 9. Qd2 a6 10. Bh6 Qc7 11. Rc1 e6 12. Be2 Qe7 13. O-O Rd8 14. Bxg7 Kxg7 15.
Rfe1 e5 16. d5 Nb8 17. Bf1 Nbd7 18. Qe3 b5 19. b4 Rb8 20. Nd1 Ne8 21. Nd2 Rb7
22. Nb3 Nb8 23. Na5 Rc7 24. Nb2 f5 25. Rxc7 Qxc7 26. Rc1 Qe7 27. f3 fxe4 28.
fxe4 Bb7 29. Qa7 Qg5 30. Qxb7+ Rd7 31. Qc8 Rf7 32. Re1 Qd2 33. Re2 Qd4+ 34. Kh2
Rxf1 35. Qxe8 Qg1+ 36. Kg3 Re1 37. Qe7+ Kg8 38. Qe6+ Kg7 39. Qg4 h5 40. Qf3 Rf1
41. Qe3 Qh1 42. Nd3 Rg1 43. Qa7+ Kh6 44. Qe3+ g5 45. Qf3 Nd7 46. Nb7 Kg6 47.
Rf2 h4+ 48. Kg4 Rxg2+ 49. Qxg2 Nf6+ 50. Rxf6+ 1-0

[Event "VSF 1975 Düsseldorf-SG Königskinder Hohe"]
[Site "Magdeburg DVM U14"]
[Date "2012.12.28"]
[Round "4.3"]
[White "Hurm, Marius"]
[Black "Schmitz, Fabian"]
[Result "1/2-1/2"]
[WhiteElo "1400"]
[BlackElo "1420"]
[PlyCount "106"]
[EventDate "2012.??.??"]
[WhiteTeam "SG Königskinder Hohentübingen"]
[BlackTeam "VSF 1975 Düsseldorf"]

1. e4 e6 2. d4 d5 3. Nc3 dxe4 4. Nxe4 Nd7 5. Be3 Ngf6 6. Ng3 b6 7. Be2 Bb7 8.
Bf3 Bxf3 9. Nxf3 c5 10. dxc5 Bxc5 11. Bxc5 Nxc5 12. O-O O-O 13. Qxd8 Rfxd8 14.
Rfd1 Na4 15. b3 Nc3 16. Rd3 Rxd3 17. cxd3 Rd8 18. Ne5 Nd7 19. Nc6 Ra8 20. Ne4
Nxe4 21. dxe4 Kf8 22. Rd1 Nc5 23. f3 a5 24. Ne5 Ke8 25. Nc4 Rb8 26. Rd6 Nd7 27.
e5 Ke7 28. f4 f6 29. Rc6 fxe5 30. fxe5 b5 31. Nxa5 Ra8 32. b4 Rb8 33. Rc7 Kd8
34. Rc3 Rc8 35. Rxc8+ Kxc8 36. Nc6 Kc7 37. Nd4 Kb6 38. Nxe6 g6 39. Ng5 Nxe5 40.
Nxh7 Nd3 41. a3 Ne5 42. Nf8 Kc6 43. Kf2 Kd5 44. Ke2 Kc4 45. Ne6 Kb3 46. Nd4+
Kxa3 47. Nxb5+ Kxb4 48. Nd4 Kc4 49. Ne6 Kd5 50. Nf4+ Ke4 51. g3 g5 52. Nh3 g4
53. Nf2+ Kf5 1/2-1/2

[Event "VSF 1975 Düsseldorf-SG Königskinder Hohe"]
[Site "Magdeburg DVM U14"]
[Date "2012.12.28"]
[Round "4.4"]
[White "Gula, Julian"]
[Black "Sänger, Julius"]
[Result "0-1"]
[WhiteElo "1372"]
[BlackElo "1029"]
[PlyCount "48"]
[EventDate "2012.??.??"]
[WhiteTeam "VSF 1975 Düsseldorf"]
[BlackTeam "SG Königskinder Hohentübingen"]

1. Nf3 d6 2. d4 Nc6 3. c4 e6 4. g3 d5 5. cxd5 exd5 6. Bg2 Nf6 7. O-O Qe7 8. e3
Bg4 9. Nc3 O-O-O 10. Qc2 Nb4 11. Qd1 Ne4 12. a3 Nc6 13. Qc2 g5 14. Nd2 f5 15.
Ndxe4 fxe4 16. b4 Qf7 17. Bb2 Qh5 18. Rac1 Bf3 19. Bxf3 exf3 20. Kh1 Rd6 21.
Qf5+ Kd8 22. h3 Be7 23. Qg4 Qxg4 24. hxg4 h5 0-1